| 000 | 01845cam a2200409 a 4500 | ||
|---|---|---|---|
| 001 | 14255070 | ||
| 005 | 20170105102844.0 | ||
| 008 | 060206s2005 enka b 000 0 eng d | ||
| 010 | _a 2006272246 | ||
| 020 | _a1844072207 | ||
| 035 | _a(OCoLC)ocm60782117 | ||
| 040 |
_aBID _cBID _dTXA _dBAKER _dIXA _dDLC |
||
| 042 | _alccopycat | ||
| 043 | _ad------ | ||
| 050 | 0 | 0 |
_aHV696.F6 _bH36 2005 |
| 082 | 0 | 0 |
_a363.8/83091724 _222 |
| 245 | 0 | 0 |
_aHalving hunger : _bit can be done / _clead authors, Pedro Sánchez, coordinator ... [et al.] ; UN Millennium Project, Task Force on Hunger. |
| 246 | 1 |
_iOther title information on cover: _aAchieving the millennium development goals |
|
| 260 |
_aLondon ; Sterling, Va. : _bEarthscan, _c2005. |
||
| 300 |
_axxv, 245 p. : _bill. ; _c26 cm. |
||
| 500 | _aSponsored by the United Nations Development Programme on behalf of the UN Development Group. | ||
| 504 | _aIncludes bibliographical references (p. [231]-245). | ||
| 538 | _aAlso available electronically on the World Wide Web. | ||
| 610 | 2 | 0 | _aUN Millennium Project. |
| 650 | 0 |
_aFood relief _zDeveloping countries. |
|
| 650 | 0 |
_aFood supply _zDeveloping countries. |
|
| 650 | 0 |
_aFood supply _zDeveloping countries _xInternational cooperation. |
|
| 650 | 0 | _aAgricultural development projects. | |
| 700 | 1 |
_aSánchez, Pedro A., _d1940- |
|
| 710 | 2 |
_aUN Millennium Project. _bTask Force on Hunger. |
|
| 856 | 4 | 1 |
_3Table of contents _uhttp://www.loc.gov/catdir/toc/fy0607/2006272246.html |
| 856 | _uhttp://www.unmillenniumproject.org/documents/HTF-SumVersf%5FINAL.pdf | ||
| 856 | 4 | 2 |
_3Contributor biographical information _uhttp://www.loc.gov/catdir/enhancements/fy1111/2006272246-b.html |
| 906 |
_a7 _bcbc _ccopycat _d2 _encip _f20 _gy-gencatlg |
||
| 942 |
_2ddc _cBK |
||
| 999 |
_c13977 _d13977 |
||